Pacific Islands - Sudden Death - Statistics

General Stats
  • This quiz has been taken 197 times
    111 since last reset
  • The average score is 12 of 20
Answers on the Grid
Answers color-coded by a green-red scale on the quiz's grid according to % correct below.
Tahiti
Rapa Nui
Maui
Honshu
Luzon
North Island
Kiritimati (Christmas Island)
Pitcairn Island
Sakhalin
Vancouver Island
Unalaska Island
Midway Island
Bora Bora
Viti Levu
Nauru
Tokelau
Isla Darwin
Navassa Island
St Vincent
St Helena
Baffin Island
Mauritius
Réunion
Socotra
Sri Lanka
Kerguelen Islands
Sark
Clipperton Island
Molokai
Bougainville Island
 
Answer Stats
Answer % Correct
Nauru
89%
Maui
79%
Tahiti
79%
Bora Bora
73%
Tokelau
68%
Rapa Nui
65%
Honshu
63%
Kiritimati (Christmas Island)
62%
Midway Island
62%
Molokai
62%
Viti Levu
62%
North Island
57%
Pitcairn Island
54%
Luzon
51%
Vancouver Island
51%
Bougainville Island
48%
Sakhalin
41%
Unalaska Island
37%
Isla Darwin
32%
Clipperton Island
29%
No matching quizzes found
Score Distribution
Percent of People with Each Score
Percentile by Number Answered
Your Score History
You have not taken this quiz since the last reset